History Quiz

Random History or World Quiz

Where in the World is the Pope? Quiz Stats

 Plays Quiz Updated Jul 14, 2016

Score 0/22 Timer 06:00
0 Plays Today
% Correct
Pope John Paul II in Australia in 1986
98.1%
Pope Benedict XVI in Mexico in 2012
94.6%
Pope Benedict XVI at Auschwitz in Poland in 2006
79.6%
Pope Paul VI at the UN in the United States in 1965
72.8%
Pope Benedict XVI with Fidel Castro in Cuba in 2012
65.2%
Pope John Paul II in Thailand in 1984
65.1%
Pope Francis with Benjamin Netanyahu in Israel in 2014
60.5%
Pope Francis in Palestine in 2014
56.4%
Pope Paul VI in the Philippines in 1970
53.3%
Pope Francis in Albania in 2014
43%
Pope Francis with Prince Ghazi bin Muhammad in Jordan in 2014
39.9%
% Correct
Pope Benedict XVI in Angola in 2009
37.4%
Pope Paul VI in India in 1964
36.9%
Pope Benedict XVI at the Blue Mosque in Turkey in 2006
30.3%
Pope John Paul II with Augusto Pinochet in Chile in 1987
25.2%
Pope Francis in Brazil in 2013
24.6%
Pope John Paul II in Papua New Guinea in 1995
20.6%
Pope Francis in South Korea in 2014
18.5%
Pope John Paul II with Václav Havel in Czech Republic in 1995
15.9%
Pope Paul VI with the Shah in Iran in 1970
15.5%
Pope John Paul II with Coptic Orthodox Pope Shenouda III in Egypt in 2000
14.3%
Pope Paul VI in Uganda in 1969
9.5%

You're not logged in!

Compare scores with friends on all Sporcle quizzes.
Join for Free
OR
Log In

You Might Also Like...

Show Comments

Extras

Top Quizzes Today


Score Distribution

Your Account Isn't Verified!

In order to create a playlist on Sporcle, you need to verify the email address you used during registration. Go to your Sporcle Settings to finish the process.

Report this User

Report this user for behavior that violates our Community Guidelines.

Details: